000 01530cam a22004454i 4500
003 PE-LiUPU
005 20250731184531.0
008 150623s r 000 0 d
035 _a(Sirsi) a21605
040 _aPE-LiUPU
_bspa
_cPE-LiUPU
_erda
082 0 4 _a910
_bH615e
_223
100 1 _aHeyerdahl, Thor,
_d1914-2002,
_eautor.
245 1 3 _aLa expedición de la Kon-Tiki /
_cThor Heyerdahl.
264 1 _aLima :
_bBiblioteca Nacional del Peru,
_c1996.
300 _a365 páginas :
_bilustraciones fotos ;
_c22 centímetros.
336 _atext
_2rdacontent
337 _aunmediated
_2rdamedia
338 _avolume
_2rdacarrier
505 0 _aUna teoría. -Nace una expedición.- A sudamérica.-A través del Pacífico. I. -A medio camino. -A través del Pacífico. II. -Hacia las islas del mar del Sur. -Entre los polinesios.
526 _aP136
526 _aP135
526 _aP134
526 _aP133
526 _aP144
526 _aP143
526 _aP87
526 _aP35
526 _aP20
526 _aP14
526 _aP10
526 _aP06
650 0 4 _aExpedición Kon-Tiki
_y1947.
651 _aPacífico, Océano
_xDescripciones y viajes
651 _aPolinesia
_xDescripciones y viajes
651 _aPerú
_xDescripciones y viajes.
942 _2ddc
_cBK
_n0
949 _a910 H615e
_wDEWEY
_c1
_i45231
_lCCODEBUL1
_mBUL
_p00.00
_r0
_sY
_tBOOK
_u2015-06-24
_xBIBLIOTECA
_zUNKNOWN
_0COMPRA
_o.STAFF. Colección General
980 _81
_gALBERTO SANCHEZ Responsable de Automatización
999 _c22087
_d22087